01000nam a22002537a 450000500170000000800410001702000180005804000070007604100080008308200210009110000200011224500340013225000120016626000480017830000300022636500680025652002760032465000470060070000190064770000200066670000200068670000200070670000200072620250310104414.0250310b ||||| |||| 00| 0 eng d a9788176711340 cAL aeng 223a574.88bWATM aJames, D Watson aMolecular biology of the gene a8th ed. aNew DelhibAffiliated East-West Pressc2024 axxxiv,876p.bPBc27x21cm. 2GeneralbVBI-2366c₹1196.25d₹a₹1595.00e25%f28/02/2025 aThe new Multi-Colour edition of the classic book from Dr James Watson, nobel laureate , on the 71 st anniversary of the discovery of the structure of the DNA in 1953. The field of molecular biology as we understand today was born out of the discovery of the DNA Strucure. 2Molecular Biology aMolecular Biology  aBaker, Tania A aBell, Stephen P aGann, Alexander aLevine, Michael aLosick, Richard